000
00364nam a2200133Ia 4500
008
100328s9999 xx 000 0 und d
082
_b
40042
100
_a
वैद्य सुरेश.
245
_a
कठपुतली
260
_b
शब्द सन्मान
630
_a
कठपुतली
730
_a
कठपुतली
942
_c
BOOK
999
_c
528843
_d
528840